Cop out /
Two longtime NYPD partners on the trail of a stolen, rare, mint-condition baseball card find themselves up against a merciless, memorabilia-obsessed gangster. Jimmy is the veteran detective whose missing collectible is his only hope to pay for his daughter's upcoming wedding, and Paul is his ...
| Corporate Authors: | , |
|---|---|
| Other Authors: | , , , , , , , , , , , |
| Format: | Video DVD |
| Language: | English French Spanish |
| Language Notes: | In English, dubbed French or dubbed Spanish, with optional subtitles French or Spanish and English subtitles for the deaf and hard of hearing. |
| Published: |
Burbank, CA :
Warner Home Video,
[2010]
|
| Subjects: |
MARC
| Tag | First Indicator | Second Indicator | Subfields |
|---|---|---|---|
| LEADER | 00000cgm a2200000Ia 4500 | ||
| 001 | in00004410413 | ||
| 005 | 20210422122539.0 | ||
| 007 | vd cvaizq | ||
| 008 | 100506s2010 cau107 vleng d | ||
| 019 | |a 637205823 |a 645355036 |a 659935282 |a 664418927 |a 726168650 |a 965580068 |a 987990857 |a 1004872400 |a 1011066198 |a 1020419233 |a 1026477613 |a 1031855566 |a 1035031001 | ||
| 020 | |a 1419892738 | ||
| 020 | |a 9781419892738 | ||
| 024 | 1 | |a 883929105991 | |
| 024 | 7 | |a 00883929105991 |2 gtin-14 | |
| 028 | 4 | 2 | |a 1000118233 |b Warner Home Video |
| 028 | 4 | 2 | |a 3000031115 |b Warner Home Video |
| 029 | 1 | |a AU@ |b 000046626097 | |
| 029 | 1 | |a UKDON |b 1000121902 | |
| 029 | 1 | |a UNITY |b 126819076 | |
| 035 | |a (OCoLC)ocn612013232 | ||
| 035 | |a (OCoLC)612013232 |z (OCoLC)637205823 |z (OCoLC)645355036 |z (OCoLC)659935282 |z (OCoLC)664418927 |z (OCoLC)726168650 |z (OCoLC)965580068 |z (OCoLC)987990857 |z (OCoLC)1004872400 |z (OCoLC)1011066198 |z (OCoLC)1020419233 |z (OCoLC)1026477613 |z (OCoLC)1031855566 |z (OCoLC)1035031001 | ||
| 040 | |a TEFMT |b eng |c TEFMT |d BTCTA |d TEF |d TEFMT |d IMD |d TYV |d MR0 |d TEFMT |d EYP |d WAU |d TXTCP |d OCLCA |d OCLCQ |d OCLCF |d ZGH |d WSB |d BDX |d OCLCO |d OCL |d OCLCO |d OCLCA |d OCLCQ |d OCLCO |d TDS |d GL3 |d KKX |d KCK |d TOP |d ZAD |d SFR |d OCLCQ |d OCLCO |d MLM |d QX7 |d OCLCO |d ROB |d IB0 |d LKC |d OCLCO |d TL4 |d OCLCO |d WYWBL |d OCLCO |d SSH |d ZQP |d OCLCO |d TXHLC |d OCLCO |d EYM |d OCLCO |d TXSVP |d OCLCO |d OCLCA |d TXA |d UtOrBLW | ||
| 041 | 1 | |a eng |a fre |a spa |j eng |j fre |j spa |h eng | |
| 043 | |a n-us-ny | ||
| 049 | |a TXAM | ||
| 050 | 4 | |a PN1997.2 |b .C67 2010 | |
| 082 | 0 | 4 | |a 791.43/72 |2 22 |
| 245 | 0 | 0 | |a Cop out / |c Warner Bros. Pictures presents ; a Marc Platt production ; produced by Marc Platt, Polly Johnsen, Michael Tadross ; written by Robb Cullen & Mark Cullen ; directed by Kevin Smith. |
| 246 | 3 | |a CopOut | |
| 264 | 1 | |a Burbank, CA : |b Warner Home Video, |c [2010] | |
| 264 | 4 | |c ©2010 | |
| 300 | |a 1 videodisc (107 min.) : |b sound, color ; |c 4 3/4 in. | ||
| 306 | |a 014700 | ||
| 336 | |a two-dimensional moving image |b tdi |2 rdacontent | ||
| 337 | |a video |b v |2 rdamedia | ||
| 338 | |a videodisc |b vd |2 rdacarrier | ||
| 538 | |a DVD, NTSC ; widescreen presentation ; Dolby digital 5.1 surround. | ||
| 546 | |a In English, dubbed French or dubbed Spanish, with optional subtitles French or Spanish and English subtitles for the deaf and hard of hearing. | ||
| 511 | 1 | |a Bruce Willis, Tracy Morgan, Adam Brody, Kevin Pollak, Guillermo Díaz, Seann William Scott. | |
| 508 | |a Director of photography, David Klein ; editor, Kevin Smith ; music, Harold Faltermeyer. | ||
| 500 | |a DVD release of the 2010 motion picture. | ||
| 521 | 8 | |a MPAA rating: R; for pervasive language including sexual references, violence and brief sexuality. | |
| 520 | |a Two longtime NYPD partners on the trail of a stolen, rare, mint-condition baseball card find themselves up against a merciless, memorabilia-obsessed gangster. Jimmy is the veteran detective whose missing collectible is his only hope to pay for his daughter's upcoming wedding, and Paul is his 'partner-against-crime' whose preoccupation with his wife's alleged infidelity makes it hard for him to keep his eye on the ball. | ||
| 500 | |a Special features include deleted scenes. | ||
| 500 | |a Videorecording. | ||
| 650 | 0 | |a Police |z New York (State) |z New York |v Drama. | |
| 650 | 0 | |a Gangsters |v Drama. | |
| 650 | 0 | |a Detective and mystery plays. |0 http://id.loc.gov/authorities/subjects/sh85037257 | |
| 650 | 0 | |a Baseball cards |v Drama. | |
| 650 | 7 | |a Baseball cards. |2 fast |0 (OCoLC)fst00827967 | |
| 650 | 7 | |a Detectives. |2 fast |0 (OCoLC)fst00891581 | |
| 650 | 7 | |a Gangsters. |2 fast |0 (OCoLC)fst00937713 | |
| 650 | 7 | |a Police. |2 fast |0 (OCoLC)fst01068398 | |
| 651 | 7 | |a New York (State) |z New York. |2 fast |0 (OCoLC)fst01204333 | |
| 650 | 7 | |a Willis, Bruce. |2 sears | |
| 650 | 7 | |a Morgan, Tracy. |2 sears | |
| 655 | 7 | |a Buddy films. |2 lcgft |0 http://id.loc.gov/authorities/genreForms/gf2011026101 | |
| 655 | 7 | |a Comedy films. |2 lcgft |0 http://id.loc.gov/authorities/genreForms/gf2011026147 | |
| 655 | 7 | |a Police films. |2 lcgft |0 http://id.loc.gov/authorities/genreForms/gf2011026451 | |
| 655 | 7 | |a Fiction films. |2 lcgft |0 http://id.loc.gov/authorities/genreForms/gf2011026250 | |
| 655 | 7 | |a Feature films. |2 lcgft |0 http://id.loc.gov/authorities/genreForms/gf2011026247 | |
| 655 | 7 | |a Video recordings for the hearing impaired. |2 lcgft |0 http://id.loc.gov/authorities/genreForms/gf2011026725 | |
| 655 | 7 | |a Action and adventure films. |2 fast |0 (OCoLC)fst01710568 | |
| 655 | 7 | |a Buddy films. |2 fast |0 (OCoLC)fst01710360 | |
| 655 | 7 | |a Comedy films. |2 fast |0 (OCoLC)fst01710291 | |
| 655 | 7 | |a Drama. |2 fast |0 (OCoLC)fst01423879 | |
| 655 | 7 | |a Feature films. |2 fast |0 (OCoLC)fst01710384 | |
| 655 | 7 | |a Fiction films. |2 fast |0 (OCoLC)fst01710264 | |
| 655 | 7 | |a Video recordings for the hearing impaired. |2 fast |0 (OCoLC)fst01710450 | |
| 700 | 1 | |a Platt, Marc, |d 1957- |e producer. |0 http://id.loc.gov/authorities/names/no2005116114 | |
| 700 | 1 | |a Johnsen, Polly, |e producer. |0 http://id.loc.gov/authorities/names/no2010115214 | |
| 700 | 1 | |a Tadross, Michael, |e producer. |0 http://id.loc.gov/authorities/names/no2008150794 | |
| 700 | 1 | |a Smith, Kevin, |d 1970- |e director. |0 http://id.loc.gov/authorities/names/n96095165 | |
| 700 | 1 | |a Cullen, Robb, |d 1970- |e screenwriter. |0 http://id.loc.gov/authorities/names/no2006066342 | |
| 700 | 1 | |a Cullen, Mark, |e screenwriter. |0 http://id.loc.gov/authorities/names/no2010115235 | |
| 700 | 1 | |a Willis, Bruce, |d 1955- |e actor. |0 http://id.loc.gov/authorities/names/n85258458 | |
| 700 | 1 | |a Morgan, Tracy, |d 1968- |e actor. |0 http://id.loc.gov/authorities/names/no2005048497 | |
| 700 | 1 | |a Brody, Adam, |d 1979- |e actor. |0 http://id.loc.gov/authorities/names/n2004038950 | |
| 700 | 1 | |a Pollak, Kevin, |d 1958- |e actor. |0 http://id.loc.gov/authorities/names/no00091601 | |
| 700 | 1 | |a Díaz, Guillermo, |d 1975- |e actor. |0 http://id.loc.gov/authorities/names/no2007082618 | |
| 700 | 1 | |a Scott, Seann William, |e actor. |0 http://id.loc.gov/authorities/names/no2004019314 | |
| 710 | 2 | |a Warner Bros. Pictures (1969- ) |0 http://id.loc.gov/authorities/names/no2003017455 | |
| 710 | 2 | |a Warner Home Video (Firm) |0 http://id.loc.gov/authorities/names/no95005960 | |
| 938 | |a Brodart |b BROD |n 11125462 |c $19.98 | ||
| 938 | |a Baker and Taylor |b BTCP |n BEDDTHE 1000118233 | ||
| 994 | |a C0 |b TXA | ||
| 948 | |a cataloged |b h |c 2021/02/11 |d c |e blrosas |f 2:40:45 pm | ||
| 999 | f | f | |s dc866dec-6b70-32e9-8745-8a386a198888 |i 41f04c4a-fe28-3706-9f08-3868513ccd4d |t 0 |
| 952 | f | f | |p dvd |a Texas A&M University |b College Station |c Sterling C. Evans Library |d Evans: Media and Reserves (Annex 1st floor) |t 0 |e PN1997.2 .C67 2010 |h Library of Congress classification |i video -- videodisc |m A14850473662 |
| 998 | f | f | |a PN1997.2 .C67 2010 |t 0 |l Evans: Media and Reserves (Annex 1st floor) |